Clases y luchas de clases en la Grecia antigua / (Record no. 44658)

MARC details
000 -LEADER
campo de control de longitud fija 00953nam a2200289 i 4500
001 - NÚMERO DE CONTROL
campo de control 44658
003 - IDENTIFICADOR DE NÚMERO DE CONTROL
campo de control ES-MaACL
005 - FECHA Y HORA DE LA ÚLTIMA TRANSACCIÓN
campo de control 20230906161055.0
007 - CAMPO FIJO DE DESCRIPCIÓN FÍSICA--INFORMACIÓN GENERAL
campo de control de longitud fija t|
008 - DATOS DE LONGITUD FIJA--INFORMACIÓN GENERAL
campo de control de longitud fija 030324s1977 sp ||||1| spa d
020 ## - NÚMERO INTERNACIONAL ESTÁNDAR DEL LIBRO
Número Internacional Estándar del Libro 84-7339-281-7
080 ## - NÚMERO DE LA CLASIFICACIÓN DECIMAL UNIVERSAL
Número de la Clasificación Decimal Universal 323.3(38)
080 ## - NÚMERO DE LA CLASIFICACIÓN DECIMAL UNIVERSAL
Número de la Clasificación Decimal Universal 338(38)
080 ## - NÚMERO DE LA CLASIFICACIÓN DECIMAL UNIVERSAL
Número de la Clasificación Decimal Universal 308(38)
245 00 - MENCIÓN DEL TÍTULO
Título Clases y luchas de clases en la Grecia antigua /
Mención de responsabilidad, etc. Claude Mossé ... [et al.] ; prólogo de Alberto Manuel Prieto Arciniega.
260 ## - PUBLICACIÓN, DISTRIBUCIÓN, ETC.
Lugar de publicación, distribución, etc. [Madrid] :
Nombre del editor, distribuidor, etc. Akal,
Fecha de publicación, distribución, etc. [1977]
300 ## - DESCRIPCIÓN FÍSICA
Extensión 159 p. ;
Dimensiones 22 cm.
490 1# - MENCIÓN DE SERIE
Mención de serie Manifiesto. Historia ;
Designación de volumen o secuencia 54
650 #4 - PUNTO DE ACCESO ADICIONAL DE MATERIA--TÉRMINO DE MATERIA
Término de materia o nombre geográfico como elemento de entrada Clases sociales-
Subdivisión geográfica Grecia-
Subdivisión de forma Historia.
9 (RLIN) 167777
651 #4 - PUNTO DE ACCESO ADICIONAL DE MATERIA--NOMBRE GEOGRÁFICO
Nombre geográfico Grecia-
Subdivisión general Situación económica-
Subdivisión de forma Historia.
9 (RLIN) 167731
651 #4 - PUNTO DE ACCESO ADICIONAL DE MATERIA--NOMBRE GEOGRÁFICO
Nombre geográfico Grecia-
Subdivisión general Situación social-
Subdivisión cronológica Hasta S.V.
9 (RLIN) 167778
700 1# - ENTRADA AGREGADA--NOMBRE PERSONAL
Nombre de persona Mosse, Claude.
9 (RLIN) 193541
700 1# - ENTRADA AGREGADA--NOMBRE PERSONAL
Nombre de persona Prieto Arciniega, Alberto.
9 (RLIN) 93909
830 1# - PUNTO DE ACCESO ADICIONAL DE SERIE-TÍTULO UNIFORME
Título uniforme Manifiesto. Historia ;
Designación de volumen o secuencia 54
9 (RLIN) 186388
852 ## - LOCALIZACIÓN
Ubicación ES-MaACL
Número de control de estantería A-7963
Holdings
Estatus retirado Estado de pérdida Estado de daño No para préstamo Biblioteca de origen Biblioteca actual Ubicación en estantería Fecha de adquisición Fuente de adquisición Total de préstamos Signatura topográfica completa Código de barras Visto por última vez Precio de reemplazo Tipo de ítem Koha
        Biblioteca del Ateneo de Madrid Biblioteca del Ateneo de Madrid Sala Pecera Planta 1 17/01/2008     A-7963 1047001 23/02/2023 23/02/2023 Libro impreso